Ý tưởng này là của chúng mình

Shranjeno v:
Bibliografske podrobnosti
Glavni avtor: Huỳnh, Vĩnh Sơn
Format: Knjiga
Izdano: Tp. Hồ Chí Minh Trẻ 2017
Izdaja:In lần thứ 13
Teme:
Oznake: Označite
Brez oznak, prvi označite!
Thư viện lưu trữ: Trung tâm Học liệu Lê Vũ Hùng, Trường Đại học Đồng Tháp
LEADER 00783nam a22002538a 4500
001 00042894
005 20181026091058.0
008 110513s2001 ||||||Viesd
020 # # |c 90000  |a 9786041023741 
041 0 # |a Vie 
082 1 4 |a 659.1  |b Y600T 
100 0 # |a Huỳnh, Vĩnh Sơn 
245 0 0 |a Ý tưởng này là của chúng mình  |c Huỳnh Vĩnh Sơn 
250 # # |a In lần thứ 13 
260 # # |a Tp. Hồ Chí Minh  |b Trẻ  |c 2017 
300 # # |a 322 tr.  |c 20 cm.  |b hình vẽ 
653 # # |a Kinh doanh 
653 # # |a Quảng cáo 
653 # # |a Thành công 
653 # # |a Thành tựu 
653 # # |a Ý tưởng 
852 # # |j KD.0024382 
910 0 # |d 26/10/2018 
980 # # |a Trung tâm Học liệu Lê Vũ Hùng, Trường Đại học Đồng Tháp